000 00640nam a2200157 a 4500
008 120416s1963 ||||||||||||||||| || u
050 _aTH 7703 Hop
100 _aHopkinson, R. G
245 1 0 _aArchitectural physics
246 _alighting
260 _aLondon
_bH.M.S.O
_c1963
300 _axii, 360p. : ill.
350 _a0.00
995 _aANNEX COLLECTION (Main Library)
_D0.00
_e716832
_FCBU-MAIN LIBRARY (Kitwe)
_H1
_I2.50
_jTH 7703 Hop
_UAVAILABLE
_y016784
_ZAnnex Low-Usage Collection
995 _aANNEX COLLECTION (Main Library)
_D0.00
_e718341
_FCBU-MAIN LIBRARY (Kitwe)
_H2
_I2.50
_jTH 7703 Hop
_UAVAILABLE
_y016785
_ZAnnex Low-Usage Collection
999 _c84335
_d84335